000 02066nam a22003857a 4500
003 dpl
005 20080911114410.0
008 080911t xxu||||| |||| 00| 0 eng d
010 _aDVD-000750-752
024 _2A3287
_c399.00
035 _aDVD-000750-752
040 _aDPL
_cDPL
082 _aDVD / NARN
245 _aThe Chronicles of Narnia :
_cWalt Disney Pictures and Walden Media Presents
_h[videorecording] (DVD) /
_bThe Lion, The Witch and The Wardrobe
260 _bWalt Disney Pictures and Walden Media Presents
300 _a1 videodiscs (140 min.):
_bsd., col.;
_c4 3/4 in.
_fDVD
440 _aWalt Disney Home Entertainment
500 _aSole Distributor in India M/s Excel Productions Audio Visuals Pvt. Ltd.
500 _aBonus Features: The Bloopers of Narnia, Discover Narnia fun Facts Audio Commentaries
500 _aDVD is copy protectaed
538 _aDolby Digital 5.1-English, Thai and Hindi, Korean Subtitles- English, thai, Bahasha, Korean, Chinese and Malay
538 _aAspect Ratio:2.35.1, Presentation Type: Wide Screen, Presentation Size 16x9, Formation: DVD 9- Dual Layer Single sided Disc,
650 _2Motion Picture
700 _aLewis, C.S.
700 _aJohnson, Mark
700 _aAdamson, Andrew
700 _aGregson-Williams, Harry
700 _aMussenden, Isis
700 _aJones, Simevan
942 _2ddc
_cCF
_hDVD
_mCHRO
999 _c15991
_d15991